1936-1939: la guerra de España en la pantalla

Gardado en:
Detalles Bibliográficos
Autor Principal: Gubern, Román (autor)
Formato: Libro
Idioma:Lingua castelá
Publicado: Madrid Filmoteca Española 1986
Subjects:
Tags: Engadir etiqueta
Sen Etiquetas, Sexa o primeiro en etiquetar este rexistro!

MARC

LEADER 00000nam a2200000 a 4500
001 UCW0226
003 CL-VaPUC
008 911128e19860000SP |||||||||||||||||spa|d
082 0 4 |a 791.4309  |b GUB  |2 21 
100 |a Gubern, Román  |e autor  |9 495808 
245 1 0 |a 1936-1939: la guerra de España en la pantalla 
246 1 0 |a De la propaganda a la historia 
300 |a 199 p 
942 |c BK 
945 |d 19911128 00:00:00 
260 |a Madrid  |b Filmoteca Española  |c 1986 
650 0 |a Cine histórico   |9 269320 
651 0 |a España  |9 254926 
583 |a last modification  |c 20180403 09:06:54  |k Rodrigo Vera 
999 |c 215449  |d 215447 
952 |0 0  |1 0  |4 0  |6 791_430900000000000_GUB_1986  |7 0  |8 R  |9 199759  |a BIBART  |b BIBART  |d 2019-11-14  |i 2670208  |o 791.4309 GUB 1986  |p 2670208  |r 2025-03-13  |w 2019-11-14  |y BK_R  |k ART